00377 a2200145 450000100060000002000180000608200170002410000200004124500660006125000090012726000380013630000160017450000270019050500140021784077 a9780070660854 a629.1323 AND aJohn D Anderson aFundamentals of Aerodynamics 5th/EdcJohn D AndersonhEnglish a5 th aNew DelhibTata McGraw Hillc2011 axxiv 1036 p aDOS BS Reference Books aAHQ Books